| 000 | 01274nam a22003257a 4500 | ||
|---|---|---|---|
| 003 | CHAP | ||
| 005 | 20220329141812.0 | ||
| 008 | 971013s1978 r 00010 d | ||
| 010 | _a74066 | ||
| 011 | _a75038 | ||
| 035 | _a84598 | ||
| 040 | _cCHAP | ||
| 090 | _aTesis | ||
| 100 | 0 | 0 |
_aGarza Leal, José Romeo de la. _947088 |
| 245 | _aSelección individual en germoplasma segregante (BC3) de una cruza intraespecífica de girasol (Helianthus annuus L.) silvestre por cultivado var. Vniimk 1646 y ensayo de rendimientos, durante el verano de 1977 y la primavera de 1978. en Apodaca, Nuevo | ||
| 260 |
_a(Monterrey, N.L.) : _bEl autor, _c1978 |
||
| 300 |
_a99 h. _b: gráfs. |
||
| 502 | _aTesis (Ing. Agrónomo en Oriducción Agropecuaria) -- ITESM. Div. de Ciencias Agropecuarias y Marítimas | ||
| 590 |
_aALEPH _b10 _c20130110 _lUCH01 _h1418 |
||
| 590 |
_aBATCH-UPD _b10 _c20130110 _lUCH01 _h0645 |
||
| 590 |
_aBATCH-UPD _b10 _c20130410 _lUCH01 _h0329 |
||
| 590 |
_aBATCH-UPD _b10 _c20130914 _lUCH01 _h1532 |
||
| 590 |
_aCONVERSION _b10 _c20130109 _lUCH01 _h1340 |
||
| 650 | 1 | 4 |
_aGirasol _xGenética. _948149 |
| 650 | 1 | 4 |
_aGirasol _xHíbridos. _948154 |
| 650 | 1 | 4 |
_aGirasol _xRendimiento. _948171 |
| 901 | _aBK | ||
| 942 | _cTESIS | ||
| 949 |
_bBC _cTES _d-40007 _eTS1 _i84598 _si |
||
| 999 |
_c74066 _d74066 |
||